[Event "Titled Tuesday intern op 19th Jan"]
[Site "Chess.com INT"]
[Date "2021.01.19"]
[Round "3"]
[White "Vantika, Agrawal"]
[Black "Playa, Marcelo"]
[Result "1-0"]
[WhiteElo "2286"]
[BlackElo "2376"]
[PlyCount "51"]
[EventDate "2021.01.19"]
[EventType "swiss (blitz)"]
[EventRounds "11"]
[EventCountry "USA"]
[SourceTitle "CBM 200 Extra"]
[Source "ChessBase"]
[SourceDate "2021.03.31"]
[SourceVersion "1"]
[SourceVersionDate "2021.03.31"]
[SourceQuality "1"]

1. d4 e6 2. c4 Nf6 3. g3 Bb4+ 4. Nd2 0-0 5. Bg2 d5 6. Ngf3 Qe7 7. 0-0 Bxd2 8. Bxd2 Rd8 9. Qc2 Nc6 10. e3 Ne4 11. a3 Nxd2 12. Nxd2 a5 13. c5 e5 14. Qc3 e4 15. b4 axb4 16. axb4 Rxa1 17. Rxa1 Bg4 18. b5 Nb8 19. Ra7 c6 20. Qa5 Rc8 21. Qb6 Rc7 22. Ra8 Rc8 23. h3 Be6 24. Ra7 Rc7 25. Nb3 Bc8 26. Ra8 1-0

[Event "Titled Tuesday intern op 15st Dec"]
[Site "Chess.com INT"]
[Date "2020.12.15"]
[Round "2"]
[White "Guseynov, Alihan"]
[Black "Playa, Marcelo"]
[Result "1-0"]
[WhiteElo "2312"]
[BlackElo "2376"]
[PlyCount "69"]
[EventDate "2020.12.15"]
[EventType "swiss (blitz)"]
[EventRounds "11"]
[EventCountry "USA"]
[SourceTitle "CBM 199 Extra"]
[Source "ChessBase"]
[SourceDate "2021.01.31"]
[SourceVersion "1"]
[SourceVersionDate "2021.01.31"]
[SourceQuality "1"]

1. d4 e6 2. c4 Nf6 3. Nc3 Bb4 4. e3 c5 5. Nge2 d6 6. a3 Bxc3+ 7. Nxc3 0-0 8. Be2 cxd4 9. exd4 e5 10. 0-0 Nc6 11. Be3 Qe7 12. d5 Nb8 13. b4 Bf5 14. c5 Ne4 15. Nxe4 Bxe4 16. cxd6 Qxd6 17. Bc5 Qg6 18. f3 Bc2 19. Qd2 Rd8 20. Qe3 Nd7 21. Be7 Re8 22. d6 Ba4 23. Rac1 a6 24. Rc7 Bc6 25. Rc1 Nf8 26. Bd3 Qh5 27. Be4 Ne6 28. R7xc6 bxc6 29. Bxc6 Nf4 30. Bxa8 Qg6 31. g3 Nh3+ 32. Kg2 Nf4+ 33. Kh1 Nh5 34. d7 Rxa8 35. Rc8+ 1-0

[Event "Titled Tuesday intern op 15st Dec"]
[Site "Chess.com INT"]
[Date "2020.12.15"]
[Round "9"]
[White "Playa, Marcelo"]
[Black "Fus, Jakub"]
[Result "0-1"]
[WhiteElo "2376"]
[BlackElo "2401"]
[PlyCount "102"]
[EventDate "2020.12.15"]
[EventType "swiss (blitz)"]
[EventRounds "11"]
[EventCountry "USA"]
[SourceTitle "CBM 199 Extra"]
[Source "ChessBase"]
[SourceDate "2021.01.31"]
[SourceVersion "1"]
[SourceVersionDate "2021.01.31"]
[SourceQuality "1"]

1. e4 c6 2. d4 d5 3. f3 dxe4 4. fxe4 e5 5. Nf3 exd4 6. Bc4 Nf6 7. e5 Nd5 8. 0-0 Bc5 9. Ng5 Be6 10. Qh5 g6 11. Qh6 Bf8 12. Nxe6 Bxh6 13. Nxd8 Bxc1 14. Rxc1 Kxd8 15. Rd1 Ke7 16. Rxd4 Rd8 17. Nd2 Nd7 18. Bxd5 Nxe5 19. Re1 f6 20. Nf3 Rxd5 21. Rxd5 cxd5 22. Nxe5 fxe5 23. Rxe5+ Kd6 24. Re2 Rc8 25. Kf2 Rf8+ 26. Ke3 Rf5 27. Kd3 Rf8 28. c3 b5 29. b3 a5 30. g3 Rc8 31. Rf2 b4 32. cxb4 axb4 33. Rf7 Rc3+ 34. Kd2 h5 35. Rf6+ Ke5 36. Rxg6 Rf3 37. Rg5+ Kd4 38. Rxh5 Rf2+ 39. Kc1 Rxa2 40. Kb1 Rg2 41. Rg5 Rxh2 42. Rg8 Rg2 43. g4 Kc3 44. g5 Kxb3 45. Kc1 d4 46. g6 d3 47. g7 d2+ 48. Kd1 Kb2 49. Rb8 Rxg7 50. Rxb4+ Kc3 51. Rb8 Rg1+ 0-1

[Event "Titled Tuesday intern op 15st Dec"]
[Site "Chess.com INT"]
[Date "2020.12.15"]
[Round "6"]
[White "Zaksaite, Salomeja"]
[Black "Playa, Marcelo"]
[Result "0-1"]
[WhiteElo "2202"]
[BlackElo "2376"]
[PlyCount "54"]
[EventDate "2020.12.15"]
[EventType "swiss (blitz)"]
[EventRounds "11"]
[EventCountry "USA"]
[SourceTitle "CBM 199 Extra"]
[Source "ChessBase"]
[SourceDate "2021.01.31"]
[SourceVersion "1"]
[SourceVersionDate "2021.01.31"]
[SourceQuality "1"]

1. e4 e6 2. d4 d5 3. Nc3 Bb4 4. e5 c5 5. a3 Bxc3+ 6. bxc3 Ne7 7. Qg4 Qc7 8. Bd3 cxd4 9. Ne2 dxc3 10. Qxg7 Rg8 11. Qxh7 Nbc6 12. h4 Bd7 13. Bg5 Nxe5 14. 0-0 Bc6 15. Nd4 0-0-0 16. Bf4 Nf3+ 17. Nxf3 Qxf4 18. Ng5 d4 19. g3 Qg4 20. Qxf7 Rxg5 21. hxg5 Qh3 22. f3 Qxg3+ 23. Kh1 Rh8+ 24. Bh7 Qh3+ 25. Kg1 Rxh7 26. Qf8+ Kd7 27. Kf2 Qh2+ 0-1

[Event "Titled Tuesday intern op 01st Dec"]
[Site "Chess.com INT"]
[Date "2020.12.01"]
[Round "8"]
[White "Playa, Marcelo"]
[Black "Barrionuevo, Pablo"]
[Result "1-0"]
[WhiteElo "2376"]
[BlackElo "2259"]
[PlyCount "125"]
[EventDate "2020.12.01"]
[EventType "swiss (blitz)"]
[EventRounds "11"]
[EventCountry "USA"]
[SourceTitle "CBM 199 Extra"]
[Source "ChessBase"]
[SourceDate "2021.01.31"]
[SourceVersion "1"]
[SourceVersionDate "2021.01.31"]
[SourceQuality "1"]

1. e4 d6 2. d4 Nf6 3. Nc3 g6 4. Be3 c6 5. Qd2 Nbd7 6. 0-0-0 b5 7. f3 Bb7 8. Kb1 Qc7 9. h4 Nb6 10. g4 h5 11. g5 Nfd7 12. Bd3 Bg7 13. f4 b4 14. Nce2 c5 15. dxc5 Nxc5 16. Bb5+ Kf8 17. Ng3 Nxe4 18. Nxe4 Bxe4 19. Rh2 Nc4 20. Bxc4 Qxc4 21. Bd4 Bxd4 22. Qxd4 Qxd4 23. Rxd4 d5 24. Rxb4 Kg7 25. Ne2 e6 26. Nc3 Bf5 27. b3 Rhc8 28. Kb2 Rc5 29. Nd1 Rac8 30. Ne3 Be4 31. c4 dxc4 32. Nxc4 Bd3 33. Ne5 Bf5 34. Rb7 R8c7 35. Rxc7 Rxc7 36. b4 Rb7 37. a3 a5 38. Kb3 axb4 39. axb4 Be4 40. Kc3 Bd5 41. Rb2 Rc7+ 42. Kd4 Rc1 43. b5 Rf1 44. Nd3 Rh1 45. b6 Rxh4 46. b7 Bxb7 47. Rxb7 Rh1 48. Ne5 h4 49. Rxf7+ Kg8 50. Rf6 h3 51. Rxg6+ Kf8 52. Rh6 h2 53. Nd3 Kg7 54. Ke3 e5 55. fxe5 Kf7 56. Nf2 Re1+ 57. Kf3 Rxe5 58. Ne4 Rf5+ 59. Kg2 Rf4 60. Rf6+ Rxf6 61. gxf6 h1Q+ 62. Kxh1 Ke6 63. Kg2 1-0

[Event "Titled Tuesday intern op 01st Dec"]
[Site "Chess.com INT"]
[Date "2020.12.01"]
[Round "6"]
[White "Senft, Sean"]
[Black "Playa, Marcelo"]
[Result "0-1"]
[WhiteElo "2039"]
[BlackElo "2376"]
[PlyCount "140"]
[EventDate "2020.12.01"]
[EventType "swiss (blitz)"]
[EventRounds "11"]
[EventCountry "USA"]
[SourceTitle "CBM 199 Extra"]
[Source "ChessBase"]
[SourceDate "2021.01.31"]
[SourceVersion "1"]
[SourceVersionDate "2021.01.31"]
[SourceQuality "1"]

1. d4 e6 2. c4 Nf6 3. Nc3 Bb4 4. Nf3 0-0 5. Bg5 d5 6. e3 c6 7. Qc2 h6 8. Bh4 Bxc3+ 9. bxc3 b6 10. cxd5 cxd5 11. Bd3 Ba6 12. 0-0 Bxd3 13. Qxd3 Nc6 14. c4 dxc4 15. Qxc4 Qd5 16. Rfc1 Rac8 17. Bxf6 gxf6 18. Qxd5 exd5 19. a3 Na5 20. Nd2 Nc4 21. Nxc4 dxc4 22. a4 Rc7 23. Kf1 Rfc8 24. Ke2 Kf8 25. Rab1 Ke7 26. Rb4 Kd6 27. e4 c3 28. Kd3 h5 29. f4 h4 30. Rb3 Rg8 31. Rc2 Rg4 32. Ke3 Rc4 33. Kf3 Rg8 34. Rbxc3 Rxd4 35. Rc6+ Ke7 36. Rc7+ Rd7 37. g4 hxg3 38. hxg3 Rgd8 39. Ke3 Ke8 40. Rxd7 Rxd7 41. Rc3 Ke7 42. Kf3 a6 43. Kg4 b5 44. axb5 axb5 45. Kf5 b4 46. Rb3 Rb7 47. Kg4 Kd6 48. Kf3 Kc5 49. Rb1 Kd4 50. g4 b3 51. g5 fxg5 52. fxg5 Kc3 53. Kf4 Kc2 54. Rh1 b2 55. Kf5 Rd7 56. Rh2+ Rd2 57. Rh1 b1Q 58. Rxb1 Kxb1 59. Kf6 Rf2+ 60. Kg7 Kc2 61. e5 Kd3 62. g6 fxg6 63. Kxg6 Rg2+ 64. Kf7 Rf2+ 65. Kg7 Rg2+ 66. Kf6 Rf2+ 67. Kg7 Re2 68. Kf6 Kd4 69. e6 Kd5 70. e7 Kd6 0-1